00966nam 2200145 45000010005000001000041000051010008000462000106000542100056001603300516002166060024007326070011007567100033007678010020008005644 a20190729k u||y0frey50 ba afre aBulletin de liaison des Comités de Luttes Lycéennes (CLL)bBrochurefCentre de luttes lycéennes aParis, FrancecCentre de luttes lycéennesd[1971] a« Ce bulletin du Centre de luttes lycéennes fait le point sur le mouvement d'ensemble qui a touché les lycées de Paris et de province ces derniers mois. Il fait suite au stage national qui a regroupé pendant les vacances de Pâques des camarades lycéens des villes suivantes: Toulouse, Lyon, Boulogne sur mer, Limoges, Caen, Thionville, Lille, Auxerre, Besançon, Brest, Blois, Rennes, Elbeuf, Le Havre, ainsi que des camarades des lycées de la région parisienne. » (Extrait de l'introduction) aLuttes étudiantes aFrance aCentre de luttes lycéennes aCHbCH-002049-8